| 000 | 00931nam a2200229Ia 4500 | ||
|---|---|---|---|
| 003 | IN-BaIIA | ||
| 008 | 211028s9999 xx 000 0 eng d | ||
| 020 | _a1-56396-767-7 | ||
| 040 | _cIIA Library | ||
| 080 |
_a524(082.2) _bHOL |
||
| 111 |
_aAstrophysics Conference _n8th _cUSA _d1997 Oct. _922726 |
||
| 245 | 0 |
_aAccretion processes in astrophysical systems- some like it hot! _bproceedings of the eighth astrophysics conference, College Park, USA, October 1997 _cedited by Stephen S. Holt and Timothy R. Kallman |
|
| 260 |
_aNewyork _bAmerican Institute of Physics _c1998 |
||
| 300 | _axiv, 562p. | ||
| 490 | _aAIP conference proceedings; v. 431 | ||
| 650 |
_aAstrophysical systems _922727 |
||
| 650 |
_aAstrophysics _9794 |
||
| 700 |
_aHolt, Stephen S., ed. _917868 |
||
| 700 |
_aKallman, Timothy R., ed. _922728 |
||
| 710 |
_aAmerican Institute of Physics _92416 |
||
| 942 | _cBK | ||
| 999 |
_c12949 _d12949 |
||